01225nas a2200277Ia 4500001000900000003001000009008004100019040002500060041001300085100001100098210003000109222003000139245003200169250001100201260004500212300001100257310001000268500016200278501011400440520016200554650002900716942000700745957000600752999003100758952015800789R010-R22IT-CnALBA170116c99999999xx |||||||||||| ||und|| aIT-CnALBAcIT-CnALBA aITALIANO aAA.VV. aAPPARECCHI PER PROIEZIONE aAPPARECCHI PER PROIEZIONE 0aAPPARECCHI PER PROIEZIONE.  a1a ed. a FIRENZEbGALILEO OFFICINE S.P.A. cn.d. a36 p.  aVARIA aEPIDIASCOPIO GALILEO SG. CARETTERISTICHE. MODELLO C. DESCRIZIONE. FUNZIONAMENTO. EPIDIASCOPIO GALILEO MODELLO S. EPISCOPIO MODELLO MEN. DIASCOPIO MODELLO D.  aSocietà San Paolo EM - Piazza San Paolo, 14 - 12051 ALBA (CN) (non commercial uses only) ® Copyright 2017 aEPIDIASCOPIO GALILEO SG. CARETTERISTICHE. MODELLO C. DESCRIZIONE. FUNZIONAMENTO. EPIDIASCOPIO GALILEO MODELLO S. EPISCOPIO MODELLO MEN. DIASCOPIO MODELLO D.  aBIBLIOGRAFIE E CATALOGHI cCR 71 a121bNOg1c318857d318857 0010406R_010R2271aALBAbALBAd2017-01-16l0oR010-R22r2017-01-16 00:00:00w2017-01-16yCRz(data import: 16 gennaio 2017) - By Epidotti, Vaglietti.